000 00655nam a22002417a 4500
003 UA-OsUOA
001 75222
007 ta
008 20110512b un ||||| |||| 00| 0 ukr d
100 _aВышеславский Л.
090 _a821.161.1-1
_bВ95
942 _cBK
040 _aUA-OsUOA
_brus
_cUA-OsUOA
_dUA-OsUOA
245 _aКарадагские монологи
300 _a48 с.
955 _a3
041 _arus
080 _a821.161.1-1
020 _a978-966-489-056-1
260 _aК.
_bВид. дім Д.Бураго
_c2010
650 7 _a82 Література. Літературознавство
_2UDC
999 _c361516
_d361516